| 000 | 00386cam a22001097a 4500 | ||
|---|---|---|---|
| 008 | 180718b-- xxu||||| |||| 00| 0 eng d | ||
| 082 | _aC0x54073 Un3j/32 | ||
| 100 | _aUnited Kingdom. Joint Committee on Indian Constitutional Reform | ||
| 245 | _aJoint Committee on Indian Constitutional Reform (session 1932-33) | ||
| 260 |
_aLondon _bHer Majesty's Stationery Office _c-- |
||
| 300 | _a3 vols. | ||
| 999 |
_c393254 _d393254 |
||